000 00361nam a2200133Ia 4500
008 150731s2014 xx 000 0 und d
082 _a611
_bI 14 B
100 _aBHUIYAN, PRITHA S.
245 _aINDERBIR SINGH'S TB. OF HUMAN NEURO ANATOMY( FUNDAMENTAL & CLINICAL)
250 _a9 TH
260 _bJAYPE PUB. INDIA
_c2014
300 _a286
942 _2ddc
_cBK
_04
999 _c7949
_d7949